社会と歴史の教育= Education of society and history
Gorde:
| Formatua: | Liburua |
|---|---|
| Hizkuntza: | Undetermined |
| Argitaratua: |
Japan
1987
|
| Gaiak: | |
| Etiketak: |
Etiketa erantsi
Etiketarik gabe, Izan zaitez lehena erregistro honi etiketa jartzen!
|
| Thư viện lưu trữ: | Trung tâm Học liệu Trường Đại học Cần Thơ |
|---|
| LEADER | 00538nam a2200169Ia 4500 | ||
|---|---|---|---|
| 001 | CTU_237304 | ||
| 008 | 210402s9999 xx 000 0 und d | ||
| 082 | |a 370.952 | ||
| 082 | |b E24/Vol.5 | ||
| 245 | 0 | |a 社会と歴史の教育= | |
| 245 | 0 | |b Education of society and history | |
| 245 | 0 | |c Toyo [Others] (東洋 [ほか] 執筆) | |
| 260 | |a Japan | ||
| 260 | |c 1987 | ||
| 650 | |a Kế hoạch học tập,Curriculum planning,Giáo dục,Education | ||
| 910 | |a Tuyến | ||
| 980 | |a Trung tâm Học liệu Trường Đại học Cần Thơ | ||